| 000 | 00000nas 2200000za 4500 |
| 001 | 9.855162 |
| 003 | CaOODSP |
| 005 | 20221107155232 |
| 007 | cr ||||||||||| |
| 008 | 180412d19491969oncar p oss f0###b0fre|d |
| 040 | |aCaOODSP|bfre |
| 041 | |aeng|afre |
| 043 | |an-cn--- |
| 086 | 1 |aCS47-202-PDF |
| 245 | 04|aThe button, buckle and fastener industry |h[ressource électronique]. |
| 246 | 16|aIndustrie des boutons, boucles et boutons-pression|f1967-1969 |
| 260 | |a[Ottawa] : |bDominion Bureau of Statistics, Industry and Merchandising Division, General Manufactures Section, |c[1951]-1971. |
| 310 | |aAnnuel |
| 362 | 0 |a1949-1969. |
| 500 | |aLes livr. de 1960-1969 publiées dans la coll. : Annual census of manufactures = Recensement annuel des manufactures. |
| 500 | |aÉdition numérisée de l’imprimé [par Statistique Canada]. |
| 515 | |aLes livr. de 1949 est num. v. 2, pt. 7-I-1; 1950 est num. v. 2, pt. 7-A-1; 1951-1953 sont num. v. 2, pt. 17-A-1; 1954-1957 sont num. v. 2, pt. 19-A-1. |
| 546 | |aTexte en anglais seulement, 1949-1966; texte en anglais et en français, 1967-1969. |
| 550 | |aPubl. 1950 par la Bureau fédéral de la statistique; 1951-1952 par la Section des manufactures en général; 1953-1956 par Textiles and Miscellaneous Products Section; 1957-1960 par la Division de l'industrie et du commerce; 1961-1964 par Industry Division; 1965-1969 par la Division des industries manufacturières et primaires. |
| 580 | |aFusionné avec : Broom, brush and mop industry; Musical instruments and sound recording industry; Pen and pencil and typewriter supplies manufacturers; Venetian blind manufacturers; et, Miscellaneous manufacturing industries. |
| 692 | 07|2gccst|aIndustrie de la fabrication |
| 710 | 1 |aCanada. |bBureau fédéral de la statistique. |bSection des manufactures en général. |
| 710 | 1 |aCanada. |bBureau fédéral de la statistique. |
| 710 | 1 |aCanada.|bDominion Bureau of Statistics.|bTextiles and Miscellaneous Products Section. |
| 710 | 1 |aCanada. |bBureau fédéral de la statistique. |bDivision de l'industrie et du commerce. |
| 710 | 1 |aCanada. |bBureau fédéral de la statistique. |bDivision de l'industrie. |
| 710 | 1 |aCanada. |bBureau fédéral de la statistique. |bDivision des industries manufacturières et primaires. |
| 785 | 00|tMiscellaneous manufacturing industries |w(CaOODSP)9.855804 |
| 791 | |tThe button, buckle and fastener industry |eeng|w(CaOODSP)9.855116 |